| 000 | 00722nam a2200205Ia 4500 | ||
|---|---|---|---|
| 001 | 14712 | ||
| 003 | GE_BSU | ||
| 008 | 181216s||||||||xx |||||||||||||| ||und|| | ||
| 040 | _cGE_BSU | ||
| 080 | _a621.313.001(075.8) | ||
| 100 | _aСергеев,П.С. Виниградов,Н.В. Горяинов,Ф.А. | ||
| 245 | _aПроектирование электрических машин. | ||
| 245 | _cПод Ред. П.С.Сергеева; Ред. А.И.Абрамов. | ||
| 250 | _aИзд 3-ое, перераб.и доп. | ||
| 260 | _aМ. | ||
| 260 | _bЭнергия. | ||
| 300 | _a632 стр. 26 см. с илл. | ||
| 653 | _aПроектирование электрических машин. | ||
| 942 | _cBK | ||
| 999 |
_c47838 _d47838 |
||